Türkiye'nin komşuları - Statistics

General Stats
  • This quiz has been taken 566 times
  • The average score is 8 of 8
Answer Stats
Cevaplar % Correct
Yunanistan
99%
Suriye
97%
Bulgaristan
96%
Irak
96%
Azerbaycan
95%
İran
95%
Gürcistan
94%
Ermenistan
93%
No matching quizzes found
Score Distribution
Percent of People with Each Score
Percentile by Number Answered
Your Score History
You have not taken this quiz